| 000 | 00481nam a22001457a 4500 | ||
|---|---|---|---|
| 003 | NUST | ||
| 005 | 20230127080810.0 | ||
| 082 | _a658.404,KLO | ||
| 100 |
_aJ. Kloppenborg, Timothy _9106915 |
||
| 245 |
_aContemporary Project Management / _cTimothy J. Kloppenborg, |
||
| 505 | _aPart.1 Organizing projects (Page-3), Part.2 Planning projects (Page-101), Part.3 Performing projects (Page-303). | ||
| 650 | _a Project Management | ||
| 651 |
_aContemporary _9106916 |
||
| 942 |
_2ddc _cBK |
||
| 999 |
_c592933 _d592933 |
||